Flowers by picture quiz - Statistics

General Stats
  • This quiz has been taken 79 times
  • The average score is 6 of 11
Answer Stats
Picture Answer % Correct
Rose
99%
Daisy
96%
Tulip
96%
Poppy
93%
Peonie
51%
Lily of the valley
45%
Marigold
39%
Chrysanthemum
36%
Daffodill
28%
Daylily
7%
Blacked eyed susan
3%
No matching quizzes found
Score Distribution
Percent of People with Each Score
Percentile by Number Answered
Your Score History
You have not taken this quiz